|
|
|
|
| LEADER |
01008nam a2200301 4500 |
| 001 |
DLU090079276 |
| 005 |
##20090608 |
| 040 |
# |
# |
|a DLU
|b eng
|
| 041 |
# |
# |
|a eng
|
| 044 |
# |
# |
|a UK
|
| 100 |
# |
# |
|a Borisovich, Yuri G.
|
| 245 |
# |
# |
|a A generalized degree of multivalued mappings and its applications to nonlinear problems /
|c Yuri G. Borisovich.
|
| 653 |
# |
# |
|a Coincidence of inclusions
|
| 653 |
# |
# |
|a Elworthy Tromba framed bordisms
|
| 653 |
# |
# |
|a Multivalued perturbations
|
| 653 |
# |
# |
|a Nonlinear Fredholm operators
|
| 653 |
# |
# |
|a Nonlinear operator inclusions
|
| 653 |
# |
# |
|a Topological index of coincidence
|
| 773 |
# |
# |
|t Nonlinear Analysis, Theory, Methods & Applications
|g Vol. 30, part 1 (December 1997), p. 101-109
|
| 920 |
# |
# |
|a Phòng Tạp chí -- Trung tâm Thông tin - Thư viện Trường Đại học Đà Lạt
|
| 994 |
# |
# |
|a DLU
|
| 900 |
# |
# |
|a True
|
| 911 |
# |
# |
|a Trương Bảo Trâm Anh
|
| 925 |
# |
# |
|a G
|
| 926 |
# |
# |
|a A
|
| 927 |
# |
# |
|a BB
|
| 980 |
# |
# |
|a Thư viện Trường Đại học Đà Lạt
|